Gaming Quiz

Random Gaming or Mario Quiz
Score 0/20 Timer 10:00
0 Plays Today
Anagram answer % Correct
eaphc???
94.1%
raimo???
88.2%
uilgi???
88.2%
siday???
88.2%
rawt???
88.2%
wobsre???
88.2%
oaettdte???
88.2%
pacpy???
88.2%
ombo ombo???
88.2%
omp omp???
88.2%
Anagram answer % Correct
shoyi???
88.2%
ribdo???
88.2%
obombb???
88.2%
ndewy???
82.4%
untoc lekbc???
82.4%
aulpeni???
82.4%
lnaiasor???
82.4%
wafulf???
70.6%
bitban???
64.7%
rriedo???
64.7%
Remove Ads.
Support Sporcle.
Get the best of Sporcle when you Go Orange. This ad-free experience offers more features, more stats, and more fun while also helping to support Sporcle. Thank you for becoming a member.

You're not logged in!

Compare scores with friends on all Sporcle quizzes.
OR
Log In

Show Comments

Extras

Created Sep 27, 2019ReportNominate
Tags:Mario Quiz

Top Quizzes Today


Score Distribution

Your Account Isn't Verified!

In order to create a playlist on Sporcle, you need to verify the email address you used during registration. Go to your Sporcle Settings to finish the process.

Report this User

Report this user for behavior that violates our Community Guidelines.

Details: